Noms des habitants des communes (moyen) - Statistiques

Statistiques générales
  • Ce quiz a été pris 33 fois
    21 depuis la dernière actualisation
  • Le résultat moyen est 7 sur 21
Statistiques - réponses
Hint Réponse % Correct
Angers Angevin
95%
Saint-Etienne Stéphanois
79%
Pau Palois
68%
Roubaix Roubaisiens
58%
Valenciennes Valenciennois
58%
Agen Agenais
53%
Béziers Biterrois
47%
Metz Messins
47%
Montauban Montalbanais
42%
Aix-en-Provence Aixois
37%
Nancy Nancéiens / Nancéens
37%
Chateauroux Castelroussins
26%
Vannes Vannetais
26%
Mont-de-Marsan Montois
21%
Fréjus Fréjusiens
11%
Calvi Calvais
5%
Gap Gapençais
5%
Gennevilliers Gennevillois
5%
Neuilly-sur-Seine Neuilléens
5%
Les Sables-d'Olonne Sablais
5%
Privas Privadois
0%
Aucun quiz correspondant
Distribution des résultats
% des personnes avec chaque résultat
Percentile par nombre de réponses
Votre historique - résultats
Vous n’avez pas pris ce quiz depuis la dernière actualisation